00423nam a22001817a 45000010006000000050017000060080041000230410008000640820017000721000022000892450046001112600017001573000037001744400007002116500008002186540008002267000007002342547120260415093609.0260415b |||||||| |||| 00| 0 spa d aESP a621.382bF83 aFrenzel, Louis E. aSistemas electrónicos de comunicaciones a :b ,c2003 axi, 1001 páginas :b ;c25 cm. a ; aTCA aCET a;